Costa Rica contemporánea

Na minha lista:
Detalhes bibliográficos
Autor principal: Zelaya Goodman, Chester
Formato: Texto
Publicado em: San José: Costa Rica
Edição:2
Tags: Adicionar Tag
Sem tags, seja o primeiro a adicionar uma tag!

MARC

LEADER 00000 a a2200000 04500
001 24964
003
040
090 |a 179000  
100 |a Zelaya Goodman, Chester  
245 |a Costa Rica contemporánea  
250 |a 2  
260 |a San José:   |b Costa Rica  
300 |a 322 p   |b **no definido**  
999 |c 4717  |d 4717